Stelaluna (Registro nro. 3031)

Detalles MARC
000 -CABECERA
Longitud fija campo de control 01165nam a2200325 i 4500
005 - • FECHA Y HORA DE LA ÚLTIMA TRANSACCIÓN
Fecha y hora de la última transacción 20220317000050.0
007 - • CAMPO FIJO DE DESCRIPCIÓN FÍSICA
Campo fijo de descripción física ta
008 - • CÓDIGOS DE INFORMACIÓN DE LONGITUD FIJA
Códigos de información de longitud fija 210824s19942014sp a br 000 j spa d
020 ## - • NÚMERO INTERNACIONAL NORMALIZADO PARA LIBROS
Número Internacional Normalizado para Libros (ISBN) 9788426128492
040 ## - FUENTE DE LA CATALOGACIÓN
Centro catalogador de origen CO-BoRNBP
Lengua de catalogación spa
Centro transcriptor CO-BoRNBP
Normas de descripción rda
041 0# - • CÓDIGO DE LENGUA
Código de lengua del texto/banda sonora o título independiente spa
084 ## - • Clasificación Local Alfanúmerica PNLB
Número de clasificación C CAN4
100 1# - • PUNTO DE ACCESO PRINCIPAL-NOMBRE DE PERSONA
Nombre de persona Cannon, Janell
Fechas asociadas al nombre 1957-
Término indicativo de función autora
245 10 - • TITULO PROPIAMENTE DICHO
Título Stelaluna
Mención de responsabilidad, etc. escrito e ilustrado por Janell Cannon ; traducido por Núria Gonzàlez i Anadon
250 ## - • MENCIÓN DE EDICIÓN
Mención de edición Vigésima edición
264 #1 - PRODUCCIÓN, PUBLICACIÓN , DISTRIBUCIÓN, FABRICACIÓN Y COPYRIGHT
Lugar de producción, publicación, distribución, fabricación Barcelona
Nombre del productor, editor, distribuidor, fabricante Editorial Juventud
Fecha de de producción, publicación, distribución, fabricación o copyright 1994
-- 2014
300 ## - • DESCRIPCIÓN FÍSICA
Extensión 46 páginas
Otras características físicas ilustraciones
Dimensiones 23 cm
336 ## - TIPO DE CONTENIDO
Término de tipo de contenido texto
Código de tipo de contenido txt
Fuente rdacontent
337 ## - TIPO DE MEDIO
Nombre del tipo de medio sin mediación
Código del tipo de medio n
Fuente rdamedia
338 ## - TIPO DE SOPORTE
Nombre del tipo de soporte volumen
Código del tipo de soporte nc
Fuente rdacarrier
521 ## - • NOTA DE PÚBLICO DESTINATARIO
Nota público destinatario (R ) Recomendado para un público infantil mayor de 6 años
650 14 - • PUNTO DE ACCESO ADICIONAL DE MATERIA - TÉRMINO DE MATERIA
Término de materia o nombre geográfico como elemento inicial Cuentos infantiles estadounidenses
Subdivisión cronológica Siglo XX
Fuente del encabezamiento o término LEMB
650 17 - • PUNTO DE ACCESO ADICIONAL DE MATERIA - TÉRMINO DE MATERIA
Término de materia o nombre geográfico como elemento inicial Literatura infantil estadounidense
Subdivisión cronológica Siglo XX
Fuente del encabezamiento o término LEMB
650 17 - • PUNTO DE ACCESO ADICIONAL DE MATERIA - TÉRMINO DE MATERIA
Término de materia o nombre geográfico como elemento inicial Autores estadounidenses
Subdivisión cronológica Siglo XX
Fuente del encabezamiento o término LEMB
650 17 - • PUNTO DE ACCESO ADICIONAL DE MATERIA - TÉRMINO DE MATERIA
Término de materia o nombre geográfico como elemento inicial Murciélagos
Subdivisión de forma Cuentos
Fuente del encabezamiento o término LEMB
650 17 - • PUNTO DE ACCESO ADICIONAL DE MATERIA - TÉRMINO DE MATERIA
Término de materia o nombre geográfico como elemento inicial Animales
Subdivisión de forma Cuentos
Fuente del encabezamiento o término LEMB
650 17 - • PUNTO DE ACCESO ADICIONAL DE MATERIA - TÉRMINO DE MATERIA
Término de materia o nombre geográfico como elemento inicial Amistad
Subdivisión de forma Cuentos
Fuente del encabezamiento o término LEMB
700 1# - • PUNTO DE ACCESO ADICIONAL - NOMBRE DE PERSONA
Nombre de persona Gonzàlez i Anadon, Núria
Término indicativo de función traductora
942 ## - ENTRADA DE ELEMENTOS AGREGADOS (KOHA)
Fuente de clasificaión o esquema
Koha [por defecto] tipo de item Libro Literatura
Existencias
Perdido Fuente de clasificación o esquema Estado Físico No para préstamo Forma de adquisición Localización permanente Localización actual Localización en estanterías Fecha adquisición Préstamos totales Signatura completa Código de barras Fecha última consulta Número de copia Fecha del precio de reemplazo Tipo de item de Koha Fecha último préstamo Note pública Serie de enumeración / cronolog&íacute;a
        Colección Sala Infantil de Literatura Pocatil y Tilín Biblioteca Pública Departamental Eduardo Carranza - Villavicencio Biblioteca Pública Departamental Eduardo Carranza - Villavicencio Sala Infantil 11/19/2014 1 C CAN4 ECA23180 12/09/2024 Ej.3 11/26/2024 LIbro 12/03/2024 931 | 1114  
        Sala General Biblioteca Pública Departamental Eduardo Carranza - Villavicencio Biblioteca Pública Departamental Eduardo Carranza - Villavicencio General 08/04/2004   C CAN4 ECA15695 11/26/2024 Ej.1 11/26/2024 LIbro   931 | 1112 Vol.1
        Colección Sala Infantil de Literatura Pocatil y Tilín Biblioteca Pública Departamental Eduardo Carranza - Villavicencio Biblioteca Pública Departamental Eduardo Carranza - Villavicencio Sala Infantil 03/10/2014   C CAN4 ECA22540 11/26/2024 Ej.2 11/26/2024 LIbro   931 | 1113  
  Dewey Decimal Classification     Infantil Biblioteca Pública La Macarena Biblioteca Pública La Macarena Sala Infantil 07/11/2025   C CAN LM02505 07/11/2025 Ej.1 07/11/2025 Libro Literatura      
  Dewey Decimal Classification     Infantil Biblioteca Pública Medellin del Ariari - El Castillo Biblioteca Pública Medellin del Ariari - El Castillo Sala Infantil 06/28/2023   CCAN4EJ.1 BM0000214 06/28/2023 Ej.1 06/28/2023 Libro Literatura      
  Dewey Decimal Classification     Infantil Biblioteca Pública San Juan de Arama - Concepción de Arama Biblioteca Pública San Juan de Arama - Concepción de Arama Sala Infantil 03/11/2026   C CAN4 SJA01295 03/11/2026 Ej.1 03/11/2026 Literatura Infantil      









Instituto Departamental de Cultura del Meta - Red Departamental de Bibliotecas Públicas del Meta.